Türkiye Cumhuriyeti'ni yönetenler : (Record no. 77691)
[ view plain ]
| 000 -LEADER | |
|---|---|
| fixed length control field | 00741 a2200241 4500 |
| 001 - CONTROL NUMBER | |
| control field | 77691 |
| 003 - CONTROL NUMBER IDENTIFIER | |
| control field | TR-AnTOB |
| 005 - DATE AND TIME OF LATEST TRANSACTION | |
| control field | 20221130151425.0 |
| 008 - FIXED-LENGTH DATA ELEMENTS--GENERAL INFORMATION | |
| fixed length control field | 100712s1973 tu 000 0 |
| 040 ## - CATALOGING SOURCE | |
| Original cataloging agency | TR-AnTOB |
| Language of cataloging | eng |
| Transcribing agency | TR-AnTOB |
| Description conventions | rda |
| 041 ## - LANGUAGE CODE | |
| Language code of text/sound track or separate title | Türkçe |
| 050 14 - LIBRARY OF CONGRESS CALL NUMBER | |
| Classification number | JQ1805.D46 |
| 090 ## - LOCALLY ASSIGNED LC-TYPE CALL NUMBER (OCLC); LOCAL CALL NUMBER (RLIN) | |
| Classification number (OCLC) (R) ; Classification number, CALL (RLIN) (NR) | JQ 1805.D46 1973 |
| 100 1# - MAIN ENTRY--PERSONAL NAME | |
| Personal name | Demiral, Cafer |
| 9 (RLIN) | 62682 |
| 245 10 - TITLE STATEMENT | |
| Title | Türkiye Cumhuriyeti'ni yönetenler : |
| Remainder of title | Cumhurbaşkanları, Başbakanlar, Bakanlar, Kabineler / |
| Statement of responsibility, etc. | Cafer Demiral. |
| 264 #1 - PRODUCTION, PUBLICATION, DISTRIBUTION, MANUFACTURE, AND COPYRIGHT NOTICE | |
| Place of production, publication, distribution, manufacture | Ankara : |
| Name of producer, publisher, distributor, manufacturer | Türkiye Ticaret Odaları ve Ticaret Borsaları Birliği. |
| Date of production, publication, distribution, manufacture, or copyright notice | 1973. |
| 300 ## - PHYSICAL DESCRIPTION | |
| Extent | 186 pages ; |
| Dimensions | 20 cm |
| 590 ## - LOCAL NOTE (RLIN) | |
| Local note | Sayın Metin Çetin tarafından bağışlanmıştır. |
| 902 ## - LOCAL DATA ELEMENT B, LDB (RLIN) | |
| a | 29319 |
| 903 ## - LOCAL DATA ELEMENT C, LDC (RLIN) | |
| a | Merkez Kütüphane |
| 942 ## - ADDED ENTRY ELEMENTS (KOHA) | |
| Koha item type | Book |
| Source of classification or shelving scheme | Library of Congress Classification |
| Withdrawn status | Lost status | Source of classification or shelving scheme | Not for loan | Collection code | Home library | Current library | Shelving location | Date acquired | Source of acquisition | Inventory number | Total Checkouts | Total Holds | Full call number | Barcode | Copy number | Date shelved | Koha item type | Date last seen | Public note |
|---|---|---|---|---|---|---|---|---|---|---|---|---|---|---|---|---|---|---|---|
| Library of Congress Classification | Ödünç Verilebilir / Available | Genel Koleksiyon | Merkez Kütüphane | Merkez Kütüphane | Genel Koleksiyon / Main Collection | 09/12/2010 | Bağış / Donation | SUİ | JQ1805 .D46 1973 | 0029319 | 1 | 21/04/2010 | Book | ||||||
| Other/Generic Classification Scheme | Ödünç Verilemez-Kurumiçi kullanım / Not for loan-For inhouse use | TOBB Kütüphanesi Bağış Koleksiyonu - Klasik | Merkez Kütüphane | Merkez Kütüphane | TOBB Bağışı Koleksiyonu / TOBB Gift Collection | 01/07/2005 | TOBB Devir / TOBB Transfer | SUİ | TOBBK JQ1805 .D46 1973 c.2 | T007841 | 2 | 30/11/2022 | Book | 30/11/2022 | Donated by TOBB |
